Central Library OPAC University of Rajshahi

Contemporary issues on british law and politics / (Record no. 59350)

MARC details
000 -LEADER
fixed length control field 00569nam a2200205 a 4500
001 - CONTROL NUMBER
control field 59350
003 - CONTROL NUMBER IDENTIFIER
rucl marc code BD-RjUL
005 - DATE AND TIME OF LATEST TRANSACTION
control field 20211209080723.0
008 - FIXED-LENGTH DATA ELEMENTS--GENERAL INFORMATION
fixed length control field 161224s2002 bg ||||| |||| 00| 0 eng d
035 ## - SYSTEM CONTROL NUMBER
System control number (BD-RjUL)59474
040 ## - CATALOGING SOURCE
Original cataloging agency BD-RjUL
Language of cataloging eng
Transcribing agency BD-RjUL
041 ## - LANGUAGE CODE
Language code of text/sound track or separate title eng
082 ## - DEWEY DECIMAL CLASSIFICATION NUMBER
Edition number 23
Classification number 346
Author mark and year AHC 2002
100 ## - MAIN ENTRY--PERSONAL NAME
Personal name Ahmed, Nazir
9 (RLIN) 176520
245 10 - TITLE STATEMENT
Title Contemporary issues on british law and politics /
Statement of responsibility, etc. Nazir Ahmed
260 ## - PUBLICATION, DISTRIBUTION, ETC. (IMPRINT)
Place of publication, distribution, etc. Dhaka :
Name of publisher, distributor, etc. Mrs. Salma ahmaed,
Date of publication, distribution, etc. 2002
300 ## - PHYSICAL DESCRIPTION
Pagination 151 p. ;
Size 21 cm.
650 ## - SUBJECT ADDED ENTRY--TOPICAL TERM
Topical term or geographic name as entry element Private law
9 (RLIN) 176521
942 ## - ADDED ENTRY ELEMENTS (KOHA)
Source of classification or shelving scheme Dewey Decimal Classification
Koha item type Books
Holdings
Lost status Source of classification or shelving scheme Damaged status Not for loan Collection code Permanent Location Current Location Shelving location Date acquired Total Checkouts Full call number Date last seen Copy number Koha item type
  Dewey Decimal Classification   Not For Loan Non-fiction Central Library, University of Rajshahi Central Library, University of Rajshahi Reading Room 11/06/2002   346 AHC 2002 24/12/2016 C-1 Books